000 00717nam a2200229Ia 4500
005 20250508165345.0
008 008 250505s9999 xx 000 0 eng d
020 _a978-0-521-12554-3
037 _aTextual
040 _aFEDL
_beng
_cFEDL
041 _aeng
_2eng
084 _a425, MUK
_qFEDL
100 _aMukhopadhyay Lina
_9780588
245 0 _aEnglish for jobseekers: Language and soft skills for the aspiring
260 _aNew Delhi, India
_bCambridge University Press India Pvt. Ltd.
_c2013
300 _a242p.
365 _aINR
_b295
546 _aCD Included
700 _a Maganti Muthukumar Rajeevan Geetha and others
_9780589
942 _cTEXL
_h425, MUK
999 _c1394650
_d1394650